Score 0/19 Timer 03:00
0 Plays Today
Clue 4-Letter Word % Correct
Use the sense of touchFEEL
96.7%
Three make a yardFEET
96.7%
Tablet used for medicationPILL
95.6%
Bowie film, The Man Who _____ to EarthFELL
95.6%
To take up all available spaceFILL
95.1%
Heap of things togetherPILE
94.8%
Queue or columnLINE
93.2%
First half of Texas's nickname
(____ [rung 19] State)
• LONE •
92.5%
Second half of Texas's nickname
([rung 1] _____ State)
• STAR •
90.3%
Place to put fingers on a guitarFRET
90.1%
Clue 4-Letter Word % Correct
First half of Maine's nickname
(____ [rung 12] State)
• PINE •
90.1%
Al Green signature, 'Let's _____ Together'STAY
89.1%
Flat object used for carryingTRAY
89%
To murderSLAY
88.6%
To remove skin (or celebrity chef Bobby)FLAY
87.7%
Second half of Maine's nickname
([rung 3] _____ State)
• TREE •
86.2%
South Park co-creator ParkerTREY
85.9%
To unravel, as in ropeFRAY
85.9%
'All Right Now' bandFREE
84.6%

Today's Daily Dose

Get the Picture
Which JB?

Remove Ads.
Support Sporcle.
Get the best of Sporcle when you Go Orange. This ad-free experience offers more features, more stats, and more fun while also helping to support Sporcle. Thank you for becoming a member.

You're not logged in!

Compare scores with friends on all Sporcle quizzes.
OR
Log In

Show Comments

Extras

Top Quizzes Today


Score Distribution

Your Account Isn't Verified!

In order to create a playlist on Sporcle, you need to verify the email address you used during registration. Go to your Sporcle Settings to finish the process.

Report this User

Report this user for behavior that violates our Community Guidelines.

Details: